000
00284nam a22001337a 4500
003
SGT
020
_a
81-317-1372-5
082
_a
647.95068
_b
MIL
100
_a
MILL, ROBERT
245
_a
RESTAURANT MANAGEMENT
260
_a
DELHI
_b
PEARSON
_c
2007
300
_a
463
942
_2
ddc
_c
BK
999
_c
22741
_d
22741